000 00265nam a2200109Ia 4500
008 200302s9999 xx 000 0 und d
100 _aAjay Mukherjee
245 _aForest planning at landscape level
260 _bRandom Publications
260 _c2017
300 _a303
999 _c6445
_d6445